000 00439nam a2200157 i 4500
001 49088
003 ES-MaACL
005 20230906161901.0
007 t|
008 030707s1962 sp ||||1| spa d
100 1 _aCorrea, Félix.
_940744
245 1 0 _aAritmética mecantil /
_cFélix Correa.
260 _aZaragoza :
_b[s.n.],
_c1962 (
_fTall. Lib. General)
300 _a118 p. :
_bil. ;
_c22 cm.
852 _aES-MaACL
_jC-22543
_bR.51176
999 _c49088
_d49088